Phase transformations-96 proceedings of the first international conference on phase transformations 1-3rd sep 1996 (Record no. 582702)
[ view plain ]
| 000 -LEADER | |
|---|---|
| fixed length control field | 00676nam a22001817a 4500 |
| 003 - CONTROL NUMBER IDENTIFIER | |
| control field | CEME |
| 005 - DATE AND TIME OF LATEST TRANSACTION | |
| control field | 20210628205913.0 |
| 008 - FIXED-LENGTH DATA ELEMENTS--GENERAL INFORMATION | |
| fixed length control field | 210208b xxu||||| |||| 00| 0 eng d |
| 020 ## - INTERNATIONAL STANDARD BOOK NUMBER | |
| International Standard Book Number | 969-8122-05-2 |
| 040 ## - CATALOGING SOURCE | |
| Transcribing agency | . |
| 082 ## - DEWEY DECIMAL CLASSIFICATION NUMBER | |
| Classification number | 530.474 PHA |
| 100 ## - MAIN ENTRY--PERSONAL NAME | |
| Personal name | Dr. A. Q. Khan Dr. Anwar Ul Haq Dr. Anjum Tauqir |
| 9 (RLIN) | 77433 |
| 245 ## - TITLE STATEMENT | |
| Title | Phase transformations-96 proceedings of the first international conference on phase transformations 1-3rd sep 1996 |
| 260 ## - PUBLICATION, DISTRIBUTION, ETC. | |
| Place of publication, distribution, etc. | RAWALPINDI |
| Name of publisher, distributor, etc. | DR. A. Q. KHAN RESEARCH LABORATORIES |
| Date of publication, distribution, etc. | 1996 |
| 300 ## - PHYSICAL DESCRIPTION | |
| Extent | 251P |
| 650 ## - SUBJECT ADDED ENTRY--TOPICAL TERM | |
| Topical term or geographic name entry element | MATHEMATICAL MODELLING SURFACE LAYERS AND COATINGS SUPERCONDUCTORS AND OXIDES BINARY AND SUPER ALLOYS |
| 9 (RLIN) | 77434 |
| 942 ## - ADDED ENTRY ELEMENTS (KOHA) | |
| Koha item type | Book |
| Source of classification or shelving scheme | |
| Withdrawn status | Lost status | Damaged status | Not for loan | Permanent Location | Current Location | Shelving location | Date acquired | Total Checkouts | Full call number | Barcode | Date last seen | Price effective from | Koha item type |
|---|---|---|---|---|---|---|---|---|---|---|---|---|---|
| College of Electrical & Mechanical Engineering (CEME) | College of Electrical & Mechanical Engineering (CEME) | General Stacks | 06/07/2017 | 530.474 PHA | CEME-33050 | 06/28/2021 | 06/28/2021 | Book |
